000 00276nam a22001217a 4500
008 181102b xxu||||| |||| 00| 0 eng d
041 _aeng
080 _a821
100 _a22
101 _aGJL
245 _aThe complete work of Shakespeare
_cKittredge, G.L
942 _2udc
_cBK
999 _c51657
_d51657